000 00397nam a2200133Ia 4500
008 231017s9999 xx 000 0 und d
082 _a625.85
082 _bRAS
245 0 _aNonwoven Geotextile Interlays for Separating Cementitious Pavement Layers: German Practice and US Field Trials
245 0 _cRobert Otto Rasmussen
260 _bRobert Otto Rasmussen
300 _c30cm
942 _cREP
999 _c604816
_d604816